Coupe du Monde 2022 - Un Joueur par équipe - Statistiques

Statistiques générales
  • Ce quiz a été pris 815 fois
  • Le résultat moyen est 23 sur 32
Statistiques - réponses
Hint Réponse % Correct
Achraf Hakimi Maroc
93%
Gavi Espagne
92%
Randal Kolo Muani France
92%
Virgil van Dijk Pays-Bas
90%
Trent Alexander-Arnold Angleterre
89%
Rafael Leão Portugal
89%
Alisson Brésil
88%
Gareth Bale Pays de Galles
88%
Jamal Musiala Allemagne
86%
Thomas Meunier Belgique
86%
Ivan Perišić Croatie
86%
Jonathan David Canada
84%
Jung Woo-young Corée du Sud
84%
Yuto Nagatomo Japon
84%
Granit Xhaka Suisse
84%
Kalidou Koulibaly Sénégal
81%
Dušan Vlahović Serbie
81%
Arkadiusz Milik Pologne
77%
Alexis Mac Allister Argentine
76%
Timothy Weah Etats-Unis
76%
Vincent Aboubakar Cameroun
75%
Martin Braithwaite Danemark
73%
Jordan Ayew Ghana
70%
Yasser Al-Shahrani Arabie Saoudite
67%
Fernando Muslera Uruguay
66%
Sardar Azmoun Iran
56%
Yassine Meriah Tunisie
54%
Andrés Guardado Mexique
46%
Ángel Mena Equateur
41%
Mohammed Muntari Qatar
40%
Johan Venegas Costa Rica
38%
Aziz Behich Australie
12%
Aucun quiz correspondant
Distribution des résultats
% des personnes avec chaque résultat
Percentile par nombre de réponses
Votre historique - résultats
Vous n’avez pas pris ce quiz